یوگاکی سائنس اور صحت اصول، ورزش اور علاج / (Record no. 41533)

MARC details
000 -LEADER
fixed length control field 00896nam a22002417a 4500
005 - DATE AND TIME OF LATEST TRANSACTION
control field 20100813114618.0
008 - FIXED-LENGTH DATA ELEMENTS--GENERAL INFORMATION
fixed length control field 081119t xxu||||| |||| 00| 0 ur d
010 ## - LCCN (DPL NO)
LC control number UR-7702
020 ## - INTERNATIONAL STANDARD BOOK NUMBER
Terms of availability 120.00
035 ## - SYSTEM CONTROL NUMBER
System control number U-6257
040 ## - CATALOGING SOURCE
Original cataloging agency DPL
Language of cataloging UR
082 ## - DEWEY DECIMAL CLASSIFICATION NUMBER
Classification number 613.7046
100 ## - MAIN ENTRY--PERSONAL NAME
Personal name قریشی۔ ایم- اے
9 (RLIN) 11327
245 ## - TITLE STATEMENT
Title یوگاکی سائنس اور صحت اصول، ورزش اور علاج /
Statement of responsibility, etc ایم- اے- قریشی
246 ## - VARYING FORM OF TITLE
Title proper/short title Yoga Ki Science Aur Sehat /
Remainder of title by M. A. Quraisi
260 ## - PUBLICATION, DISTRIBUTION, ETC. (IMPRINT)
Place of publication, distribution, etc شرن دت
Date of publication, distribution, etc 2008
270 ## - ADDRESS
Address Sharan Dutt
300 ## - PHYSICAL DESCRIPTION
Extent 263 ص
Dimensions 22 س م (Hb)
650 ## - SUBJECT ADDED ENTRY--TOPICAL TERM
Topical term or geographic name as entry element تاریخ
9 (RLIN) 11328
650 ## - SUBJECT ADDED ENTRY--TOPICAL TERM
Topical term or geographic name as entry element Indian history
9 (RLIN) 11329
942 ## - ADDED ENTRY ELEMENTS (KOHA)
Source of classification or shelving scheme Dewey Decimal Classification
Item type Urdu Bks
Classification part 613.7046
Call number suffix س ر ن
Holdings
Withdrawn status Lost status Source of classification or shelving scheme Damaged status Not for loan Collection code Home library Current library Date acquired Source of acquisition Cost, normal purchase price Total Checkouts Full call number Barcode Date last seen Copy number Cost, replacement price Koha item type
    Dewey Decimal Classification   Not For Loan Non-fiction D.B.Act.Division D.B.Act.Division 13/08/2010 DBAD/PUB 120.00   613.7046 ق ر ی U-6257 13/08/2010 1 120.00 Urdu Bks

© Delhi Public Library
Hit Counter
free hit counter